Tragedias : Juan de la Cueva /

Na minha lista:
Detalhes bibliográficos
Outros Autores: Presotto, Marco (Editor), Froldi, Rinaldo (Editor)
Formato: livro electrónico
Idioma:espanhol
Publicado em: Valencia (España) : Publicacions de la Universitat de València, 2023.
Assuntos:
Acesso em linha:https://elibro.unach.elogim.com/es/lc/unach/titulos/290823
Tags: Adicionar Tag
Sem tags, seja o primeiro a adicionar uma tag!

MARC

LEADER 00000nam a2200000 i 4500
001 ELB290823
003 FINmELB
005 20251231135000.0
006 m o d |
007 cr cnu||||||||
008 251225s2023 sp o 001 0 spa d
020 |a 9788411183284  |q (e-book) 
020 |a 9788411183277  |q (print) 
035 |a (OCoLC)1569876393 
040 |a FINmELB  |b spa  |e rda  |c FINmELB 
050 4 |a PQ6397.C8  |b T765 2023 
080 |a 821.134.2:792(460)"16" 
082 0 4 |a 862  |2 23 
245 0 0 |a Tragedias :  |b Juan de la Cueva /  |c Marco Presotto, Rinaldo Froldi (edición). 
264 1 |a Valencia (España) :  |b Publicacions de la Universitat de València,  |c 2023. 
300 |a 1 recurso en línea (150 páginas) 
336 |a texto  |b txt  |2 rdacontent/spa 
337 |a computadora  |b c  |2 rdamedia/spa 
338 |a recurso en línea  |b cr  |2 rdacarrier/spa 
500 |a Incluye índice. 
588 |a Descripción basada en metadatos suministrados por el editor y otras fuentes. 
590 |a Recurso electrónico. Santa Fe, Arg.: elibro, 2026. Disponible vía World Wide Web. El acceso puede estar limitado para las bibliotecas afiliadas a elibro. 
600 1 4 |a Cueva, Juan de la,  |d 1550-1610  |v Obras. 
650 4 |a Teatro español  |y Siglo XVI. 
655 4 |a Libros electrónicos. 
700 1 |a Presotto, Marco,  |e editor. 
700 1 |a Froldi, Rinaldo,  |e editor. 
797 2 |a elibro, Corp. 
856 4 0 |u https://elibro.unach.elogim.com/es/lc/unach/titulos/290823